000 01047ntaaa2200277 4500
003 01
005 20251027203344.0
008 0714s1973 ag 01
040 _aAR-BaBN
_bspa
_cAR-BaBN
_eaacr
_dRIC
100 _aGranados, Enrique
_d1867-1916
_937486
245 _aGoyescas /
_cEnrique Granados
260 _aBuenos Aires :
_bViscontea [distribuidor],
_cc1979
300 _a1 disco son. (49 min., 17 seg.) ;
_canalógico, 33 1/3 rpm, estereo ; 12 plg.
490 _aLos grandes músicos ;
_v86
500 _aPiano: Marylène Dosse
500 _aFabricado por: CBS. Licencia de: Vox-Turnabout-MMG (The Moss Music Group)
500 _aDuraciones: 7 min., 36 seg. ; 10 min., 9 seg. ; 6 min., 31 seg. ; 5 min., 41 seg. ; 12 min., 8 seg. ; 7 min., 12 seg.
505 _t1. Los requiebros
505 _t2. Coloquio en la reja
505 _t3. El fandango de candil
505 _t4. Quejas o la maja y el ruiseñor
505 _t5. El amor y la muerte
505 _t6. Epílogo: Serenata del espectro
650 _aMUSICA
942 _cBK
999 _c29062
_d29062